000 01602cam a22004337a 4500
001 000095077
003 CHAP
005 20220329143055.0
008 051215d2005 mx abd r 00110 spa d
010 _a91543
011 _a92515
035 _a103079
040 _cCHAP
090 _aTesis
100 0 0 _aMoreno Domínguez, Juan Manuel.
_978595
245 1 0 _aProducción de hortalizas hidroponicas bajo invernadero, en el municipio de San Juan Ixcaquixtla, Pue. /
_c/por.
260 _aChapingo, Méx. :
_bEl autor,
_c2005.
300 _a56 h. :
_bilus. ; gráf. ; mapas ; cuadros ; organigrama ; esquemas.
502 _aTesis (Ing. Agr. Esp. en Fitotecnia) -- UACH. Departamento de Fitotecnia
590 _aALEPH
_b10
_c20130110
_lUCH01
_h1508
590 _aBATCH-UPD
_b10
_c20130110
_lUCH01
_h0436
590 _aBATCH-UPD
_b10
_c20130410
_lUCH01
_h0111
590 _aBATCH-UPD
_b10
_c20130914
_lUCH01
_h1130
590 _aBATCH-UPD
_b10
_c20140324
_lUCH01
_h1453
590 _aBATCH-UPD
_b10
_c20141002
_lUCH01
_h0828
590 _aCONVERSION
_b10
_c20130109
_lUCH01
_h1351
590 _aE792CSJ
_b10
_c20130613
_lUCH01
_h1440
650 1 4 _aCultivos en invernadero.
_930376
650 1 4 _aHidroponía.
_955280
650 1 4 _aLegumbres.
_965680
650 1 4 _aLegumbres
_xPuebla.
_965779
856 _3Finding aid
_uhttp://10.13.5.2/tesis/103079.pdf
_zTeclea aquí
901 _aBK
905 _aMarco A. Mendoza T.
942 _cCD
942 _n0
949 _aTesis
_bBC
_cTES
_d1030791
_eTS1
_gDonaciØn
_h44477
_i103079
_sb
949 _aTesis
_bBC
_cTES
_d33724000967683
_eTS2
_fc.2
_gDonaciØn
_h44478
_i103079
_sb
999 _c91543
_d91543